| 000 | 00422 a2200121 4500 | ||
|---|---|---|---|
| 001 | ART_12342 | ||
| 005 | 20260410161905.0 | ||
| 008 | 260409a | ||
| 245 | 1 | 0 | _aOn chosing the optimal level of significance for the Durbin-Watson test and the bayesian alternative |
| 100 | 1 | _aGuilkey, David K. | |
| 700 | 1 | _aFomby, Thomas B. | |
| 773 | 0 |
_tJournal of econometrics _g- Vol. 8, NÂș 2 (oct. 1978) _wREV11720 |
|
| 999 |
_c26290 _d26290 |
||